000 02209nam a22002177a 4500
003 AR-RoUNCS
005 20250929125600.0
008 250929b2015 ag |||||r|||| 00| 0 spa d
020 _a978-987-699-292-3
040 _aAR-RoUNCS
_cAR-RoUNCS
080 _0791(82)"20/21"
100 1 _aDaicich, Osvaldo Mario
_d1975-
_eautor
245 1 3 _aEl nuevo cine argentino :
_b1995-2010 : vinculación con la industria cultural cinematográfica local e internacional y la sociocultura contemporánea /
_cOsvaldo Mario Daicich.
250 _a1a ed.
260 _aVilla María, Córdoba :
_bEduvim,
_c2015.
300 _a386 p. ;
_c22 cm.
490 0 _aSerie Audiovisual
520 3 _a Un aporte más, pero no cualquier aporte al estudio de lo que se ha dado en llamar Nuevo Cine Argentino. Osvaldo Daicich, oriundo del sur de la provincia de Buenos Aires, Dock Sud, realizó sus estudios y fue docente de la Escuela Internacional de Cine y Televisión en Cuba. Mente inquieta y corazón caliente, terminó su formación cinematográfica nada menos que en Cinecittà de Roma e hizo sus primeras armas profesionales en Madrid, en Canal Plus de España. En aquellos años editó su primer libro sobre cineastas de América Latina, una de su grandes pasiones: el cine de nuestro continente.Juntos hicimos Porotos de Soja -sobre la crisis con los grandes productores del campo por la Resolución 125- y La cocina -sobre la Ley de medios-. Osvaldo demostró el mismo rigor que en su formación académica, además de su pasión por los oficios cinematográficos y la preocupación por las políticas públicas sobre lo audiovisual en Argentina o América Latina.En este libro Daicich suma, a lo dicho, una visión inteligente del académico que es -actualmente dirige el Centro de Producción e Investigación Audiovisual (CePIA) de la Facultad de Ciencias Sociales de la Universidad de Buenos Aires- con la extraordinaria visión apasionada del espectador de cine argentino que siempre fue. Nacido en Avellaneda, supo tener como faro la definición de Fernando Birri: "un cine nacional, realista, crítico y popular". "David "Coco" Blaustein, Cineasta.
650 4 _aCINE
_ySIGLO XX
_ySIGLO XXI
_zARGENTINA
942 _2udc
_cOG
_n0
999 _c628
_d628